000 00725nam a2200253Ia 4500
003 GCL
008 140319s9999 xx 000 0 ara d
040 _aGCL /
_cGCL
082 0 4 _a338.01
_bح ا
100 1 _aحمدى عبدالعظيم
245 1 0 _aالاقتصاد الصناعى ونقل تجارة مصر /
_cحمدى عبدالعظيم
260 _a[S.N] :
_bحمدى عبد العزيز ،
_c1987
300 _a232 ص
490 _a
650 0 4 _aمصر
650 0 4 _aالاقتصاد
650 0 4 _aالتجارة
650 0 4 _aالاستثمار
650 0 4 _aالاجتماع
650 0 4 _aالصناعة
650 0 4 _aمشروعات
650 0 4 _aالانتاج الصناعى
942 _2ddc
_cBK
999 _c28937
_d28937